| 000 | 00566nam a22001817a 4500 | ||
|---|---|---|---|
| 999 |
_c186722 _d186722 |
||
| 005 | 20220311162712.0 | ||
| 010 | _aENG-131961 | ||
| 020 |
_a9788194418559 _c795.00 |
||
| 035 | _aEN-115493 | ||
| 037 | _bDBAD | ||
| 082 | _a305.420954 | ||
| 100 | _aSuresh Devath | ||
| 245 |
_aGender Issues In India/ _cDevath Suresh |
||
| 260 |
_aNew Delhi _bRaj Publication _c2021 |
||
| 270 |
_a108,4855/24 Ansari Road, Daryaganj, _bNew Delhi _e110002 _k011-23250939 _mrajpublications@gmail.com |
||
| 300 |
_a260p. _c22cm(hbk) |
||
| 942 |
_2ddc _cEN _h305.420954 _mSUR |
||